00370 2200145 4500001002100000005001700021006001900038008004100057020001800098035002500116100001800141245001900159260003000178990001600208INLIS00000000000969720150221092707.0a ||| | 170609| ||| |  a979-20-1365-2 a0010-0215000000000990 aMika Kawamura00aThe peach tree aJakartabElex Mediac2001 a4914/b/2004